书目信息 |
| 题名: |
图解晶体管电路
|
|
| 作者: | 饭高成男 著 ;蒋铃鸽 译 | |
| 分册: | ||
| 出版信息: | 北京 科学出版社 2000.01 |
|
| 页数: | 194页 | |
| 开本: | 20cm | |
| 丛书名: | ||
| 单 册: | ||
| 中图分类: | TN , TN710.2 | |
| 科图分类: | ||
| 主题词: | 电子电路 | |
| 电子资源: | ||
| ISBN: | 7-03-008171-4 | |
| 000 | 00660nam0 2200217 45 | |
| 001 | 0255392705 | |
| 005 | 2002110815231270 | |
| 010 | @a7-03-008171-4@dRMB 18.50 | |
| 100 | @a20021108d2000 km y0chiy0120 ea | |
| 101 | 0 | @achi |
| 102 | @aCN@b110000 | |
| 200 | 1 | @a图解晶体管电路@Atu jie jing ti guan dian lu@f(日)饭高成男等著;蒋铃鸽译@F(ri)fan gao cheng nan deng zhu;jiang ling ge yi |
| 210 | @a北京@c科学出版社@d2000.01 | |
| 215 | @a194页@d20cm | |
| 606 | 0 | @a电子电路 |
| 690 | @aTN@v3 | |
| 690 | @aTN710.2@v4 | |
| 701 | 0 | @a饭高成男@Afan gao cheng nan@4著 |
| 702 | 0 | @a蒋铃鸽@Ajiang ling ge@4译 |
| 801 | 0 | @aCN@bPFT@c20021108 |
| 905 | @a10447@dTN710.2@eF087 | |
| 图解晶体管电路/(日)饭高成男等著;蒋铃鸽译.-北京:科学出版社,2000.01 |
| 194页;20cm |
| ISBN 7-03-008171-4:RMB 18.50 |
| ● |
| 相关链接 |
|
|
|
正题名:图解晶体管电路
索取号:TN710.2/F087
 
预约/预借
| 序号 | 登录号 | 条形码 | 馆藏地/架位号 | 状态 | 备注 |
| 1 | 368272 | 203682728 | 电气与控制工程学院资料室/301自科库 31排2列1层/ [索取号:TN710.2/F087] | 在馆 | |
| 2 | 368273 | 203682737 | 自科库301/301自科库 31排2列1层/ [索取号:TN710.2/F087] | 在馆 | |
| 3 | 368274 | 203682746 | 自科库301/404自科库 3排3列6层/ [索取号:TN710.2/F087] | 在馆 |